000 00612nam a22002297a 4500
003 UA-OsUOA
001 85143
007 ta
008 20120619b un ||||| |||| 00| 0 ukr d
100 _aКобилянська О.
090 _a821.161.2
_bК55
942 _cBK
040 _aUA-OsUOA
_bukr
_cUA-OsUOA
_dUA-OsUOA
245 _aТвори в п'яти томах
_bтвори
_c2
300 _a480 с.
955 _a3
041 _aukr
080 _a821.161.2
260 _aК.
_bХудліт
_c1962
650 7 _a82 Література. Літературознавство
_2UDC
999 _c371456
_d371456